| 000 | 00000nam##2200000za#4500 |
| 001 | 9.643576 |
| 003 | CaOODSP |
| 005 | 20210624224231 |
| 007 | cr ||||||||||| |
| 008 | 150407|2011||||xxc|||||o f|0| 0 fre|d |
| 040 | |aCaOODSP|bfre |
| 043 | |an-cn--- |
| 086 | 1 |aEn106-131/2011F-PDF |
| 110 | 1 |aCanada. |bAgence canadienne d'évaluation environnementale. |
| 245 | 10|aProjet de centrale électrique Keeyask, proposé par Keeyask Hydropower Limited Partnership : |h[ressource électronique]|bdocument d'information |
| 260 | |aOttawa - Ontario : |bAgence canadienne d'évaluation environnementale |c[2011]. |
| 300 | |a13p.|bcarte, tableau |
| 500 | |a« Consultation publique du 15 décembre au 31 janvier 2012 »--Couverture. |
| 590 | |a15-02-Supp|b2015-02-16 |
| 691 | 07|aCentrale électrique|2gcpds |
| 691 | 07|aÉvaluation environnementale|2gcpds |
| 775 | 08|tKeeyask Generation Project proposed by the Keeyask Hydropower Limited Partnership : |w(CaOODSP)9.699554 |
| 856 | 40|ahttp://publications.gc.ca|qPDF|s230 Ko|uhttps://publications.gc.ca/collections/collection_2014/ec/En106-131-2011-fra.pdf |
| 986 | |aNuméro de référence du Registre canadien d’évaluation environnementale: 11-03-64144 |